00945nam a2200229 a 4500001001000000005001700010008004100027020001500068040001800083050002400101100002600125245005900151260008200210300004200292500011000334500004900444504003200493650004000525650005600565651005200621710004200673BRCA_222520190320203724.0860318s1986 nyua---##b---#001-0#eng-# a0870706187 aDLCcDLCdDLC 4aN6810.V5b.V37 19861 aVarnedoe, Kirkd1946-10aVienna 1900bArt, Architecture, DesingcKirk Varnedoe. aNew YorkbMuseum of Modern Art : Graphic Society Books : Little, Brownc1986. a264 p.bil. (algunas a color)c29 cm. aCatálogo de la exposición realizada en el Museum of Modern Art (New York), 3 julio - 21 octubre, 1986 aIncluye índice alfabético y cronología aBibliografía: p. 245-256.14aArt NouveauvExposiciones.zAustria14aArte australianovExposiciones.ySiglo XIXzAustria 4aVienna (Austria)vExposiciones.xCivilización2 aMuseum of Modern Art (New York, N.Y.)